| 000 | 00627nam a22001937a 4500 | ||
|---|---|---|---|
| 003 | 0 | ||
| 005 | 20241001124519.0 | ||
| 008 | 241001b xxu||||| |||| 00| 0 eng d | ||
| 020 | _a9798891611894 | ||
| 050 |
_aQA 76.9 _b.M33 2024 |
||
| 100 |
_aMacdonald, Morgan, _eauthor. |
||
| 245 |
_aDesign and analysis of algorithms / _cMorgan Macdonald. |
||
| 260 |
_aJersey City, USA : _bAlexis Press, LLC, _c2024. |
||
| 300 |
_aviii, 310 p. : _bcol. ill. ; _c24 cm. |
||
| 504 | _aIncludes bibliographical references and index. | ||
| 650 | _aComputer algorithms. | ||
| 650 |
_aCombinational anaysis _xData processing. |
||
| 942 |
_2lcc _cBK |
||
| 999 |
_c366427 _d366427 |
||